| 000 | 00948nam a22002655a 4500 | ||
|---|---|---|---|
| 999 |
_c7295 _d7295 |
||
| 003 | EG-ScBUE | ||
| 005 | 20210530101610.0 | ||
| 008 | 171127s1965 le f b 000 0 ara d | ||
| 040 |
_aEG-ScBUE _bara _erda _cEG-ScBUE _dEG-ScBUE |
||
| 043 | _ama----- | ||
| 082 | 0 | 4 |
_a320.9174927 _bق ص ي _222 |
| 100 | 1 |
_aالقصيمي، عبد الله، _d1907-1997، _eمؤلف. |
|
| 245 | 1 | 0 |
_aلئلا يعود هارون الرشيد / _cعبد الله القصيمي. |
| 264 | 1 |
_a[بيروت] : _bمنشورات الجمل، _c[1965] |
|
| 300 |
_a91 صفحة ؛ _c24 سم |
||
| 336 |
_2rdacontent _aنص _btxt |
||
| 337 |
_2rdamedia _aبدون وسيط _bn |
||
| 338 |
_2rdacarrier _aمجلد _bnc |
||
| 504 | _aيشتمل على إرجاعات ببليوجرافية. | ||
| 650 | _2BUEsh | ||
| 651 | 7 |
_aالبلاد العربية _xأحوال سياسية. _2BUEsh |
|
| 653 |
_bGGEN _cNovember2017 |
||
| 655 |
_vReading book _934232 |
||
| 942 | _2ddc | ||